000 00534nam a2200193 4500
001 114071
003 ES-MaACL
007 t|
008 061121s1966 mx r ||||1| spa d
100 1 _aPalomar y Vizcarra, Miguel.
_988672
245 1 3 _aEl caso ejemplar mexicano /
_cMiguel Palomar y Vizcarra.
250 _a2ª ed.
260 _aMéxico :
_bJus,
_c1966.
300 _a228 p. ;
_c24 cm.
490 1 _aMéxico heroico
830 0 _aMéxico heroico
_9181313
852 _aES-MaACL
_jE-9725
_bR.94171
999 _c114071
_d114071